La escuela de Barcelona: Barral, Gil de Biedma, Goytisolo, el núcleo poético de la generación de los 50
Gespeichert in:
| 1. Verfasser: | |
|---|---|
| Format: | Buch |
| Sprache: | Spanisch |
| Veröffentlicht: |
Barcelona
Anagrama
1988
|
| Schriftenreihe: | Colección argumentos, 95
|
| Schlagworte: | |
| Tags: |
Tag hinzufügen
Keine Tags, Fügen Sie den ersten Tag hinzu!
|
MARC
| LEADER | 00000nam a2200000 a 4500 | ||
|---|---|---|---|
| 001 | UCX2722 | ||
| 003 | CL-VaPUC | ||
| 008 | 910805e19880000SP |||||||||||||||||spa|d | ||
| 082 | 0 | 4 | |a 861.09 |b RIE |2 21 |
| 100 | 0 | |a Riera, Carme |e author |9 318794 | |
| 245 | 1 | 3 | |a La escuela de Barcelona: Barral, Gil de Biedma, Goytisolo, el núcleo poético de la generación de los 50 |
| 300 | |a 359 p | ||
| 942 | |c BK | ||
| 945 | |d 19910805 00:00:00 | ||
| 260 | |a Barcelona |b Anagrama |c 1988 | ||
| 650 | 0 | |a Poesía española |9 264938 | |
| 650 | 0 | |a Historia y crítica |9 257407 | |
| 583 | |a last modification |c 19910805 00:00:00 |k Rodrigo Vera | ||
| 490 | 0 | |a Colección argumentos, 95 | |
| 999 | |c 223677 |d 223675 | ||
| 952 | |0 0 |1 0 |4 0 |6 861_090000000000000_RIE_1988 |7 0 |8 A |9 219701 |a FDOPOS |b FDOPOS |d 2019-11-15 |i 288402K |o 861.09 RIE 1988 |p 288402K |r 2025-01-22 |w 2019-11-15 |y BK |k MLH | ||